Every NCAA Bowling National Champ - Statistics

General Stats
  • This quiz has been taken 9 times
  • The average score is 6 of 20
Answer Stats
Year Team % Correct
2024 Jax State
71%
2021 Nebraska
57%
2015 Nebraska
57%
2013 Nebraska
57%
2009 Nebraska
57%
2005 Nebraska
57%
2004 Nebraska
57%
2023 Vanderbilt
43%
2018 Vanderbilt
43%
2007 Vanderbilt
43%
2022 McKendree
29%
2017 McKendree
29%
2010 Fairliegh-Dickinson
0%
2006 Fairliegh-Dickinson
0%
2012 MD Eastern
0%
2011 MD Eastern
0%
2008 MD Eastern
0%
2014 Sam Houston State
0%
2019 Stephen. F. Austin
0%
2016 Stephen. F. Austin
0%
No matching quizzes found
Score Distribution
Percent of People with Each Score
Percentile by Number Answered
Your Score History
You have not taken this quiz